[Event "DVM U14w 2019"]
[Site "Neumünster GER"]
[Date "2019.12.28"]
[Round "3"]
[White "Werner, Rosalie"]
[Black "Dietz, Kristin"]
[Result "0-1"]
[Termination "normal"]
[Board "1.1"]
[WhiteElo "1674"]
[BlackElo "1946"]
[WhiteClock "00:29:28"]
[BlackClock "00:28:31"]
[WhiteTeam "VSG 1880 Offenbach"]
[BlackTeam "USV Halle"]
[PlyCount "102"]
[WhiteFideId "16223748"]
[BlackFideId "12993743"]
[EventCountry "GER"]
[EventRounds "7"]
[EventType "team-swiss"]
[EventDate "2019.12.26"]

1. e4 {[%clk 1:30:59]} c5 {[%clk 1:30:52]} 2. Nf3 {[%clk 1:31:25]} e6 {[%clk
1:30:56]} 3. d4 {[%clk 1:31:50]} cxd4 {[%clk 1:31:09]} 4. Nxd4 {[%clk 1:32:13]}
a6 {[%clk 1:31:15]} 5. Bd3 {[%clk 1:32:36]} Nf6 {[%clk 1:31:06]} 6. O-O {[%clk
1:32:56]} Qc7 {[%clk 1:30:36]} 7. Nc3 {[%clk 1:33:10]} b5 {[%clk 1:29:09]} 8.
Qe2 {[%clk 1:31:11]} d6 {[%clk 1:29:21]} 9. Be3 {[%clk 1:29:04]} Bb7 {[%clk
1:29:01]} 10. a3 {[%clk 1:27:22]} Be7 {[%clk 1:28:33]} 11. Rae1 {[%clk
1:24:27]} O-O {[%clk 1:28:12]} 12. f4 {[%clk 1:22:59]} Nbd7 {[%clk 1:25:59]}
13. Nb3 {[%clk 1:22:26]} Nc5 {[%clk 1:18:52]} 14. Nd2 {[%clk 1:16:45]} Rad8
{[%clk 1:07:51]} 15. Kh1 {[%clk 1:15:22]} Nxd3 {[%clk 0:51:02]} 16. cxd3 {[%clk
1:14:09]} d5 {[%clk 0:44:23]} 17. e5 {[%clk 1:00:14]} d4 {[%clk 0:43:44]} 18.
exf6 {[%clk 1:00:17]} Bxf6 {[%clk 0:43:58]} 19. Nce4 {[%clk 1:00:21]} dxe3
{[%clk 0:43:57]} 20. Nxf6+ {[%clk 1:00:27]} gxf6 {[%clk 0:44:18]} 21. Ne4
{[%clk 0:47:12]} Bxe4 {[%clk 0:37:03]} 22. dxe4 {[%clk 0:47:34]} Rd2 {[%clk
0:37:06]} 23. Qg4+ {[%clk 0:44:12]} Kh8 {[%clk 0:36:35]} 24. Qh4 {[%clk
0:44:27]} Rg8 {[%clk 0:25:33]} 25. Qxf6+ {[%clk 0:42:56]} Rg7 {[%clk 0:25:55]}
26. Rxe3 {[%clk 0:41:39]} Rdxg2 {[%clk 0:25:18]} 27. Rg3 {[%clk 0:40:53]} R2xg3
{[%clk 0:25:40]} 28. hxg3 {[%clk 0:41:16]} Kg8 {[%clk 0:25:33]} 29. Rd1 {[%clk
0:41:12]} h5 {[%clk 0:25:37]} 30. Qh4 {[%clk 0:35:33]} Rg4 {[%clk 0:21:54]} 31.
Qf6 {[%clk 0:29:37]} Kh7 {[%clk 0:15:48]} 32. Rd8 {[%clk 0:22:14]} Rg7 {[%clk
0:16:01]} 33. Qh4 {[%clk 0:20:41]} Qc1+ {[%clk 0:13:13]} 34. Kh2 {[%clk
0:20:44]} Qxb2+ {[%clk 0:13:14]} 35. Kg1 {[%clk 0:17:14]} Qe2 {[%clk 0:13:04]}
36. f5 {[%clk 0:03:05]} exf5 {[%clk 0:10:15]} 37. exf5 {[%clk 0:03:19]} Qf3
{[%clk 0:10:06]} 38. Kh2 {[%clk 0:01:10]} Qxf5 {[%clk 0:10:11]} 39. Qh3 {[%clk
0:00:42]} Rg4 {[%clk 0:07:57]} 40. Rd2 {[%clk 0:00:45]} Kg7 {[%clk 0:06:10]}
41. Rg2 {[%clk 0:00:41]} Rg5 {[%clk 0:05:29]} 42. Qh4 {[%clk 0:30:02]} Qg4
{[%clk 0:35:25]} 43. Rd2 {[%clk 0:29:39]} Qxh4+ {[%clk 0:35:26]} 44. gxh4
{[%clk 0:30:02]} Rg4 {[%clk 0:35:48]} 45. Kh3 {[%clk 0:30:24]} Ra4 {[%clk
0:35:34]} 46. Rd3 {[%clk 0:30:45]} Kf6 {[%clk 0:34:31]} 47. Kg3 {[%clk
0:30:39]} Ke5 {[%clk 0:34:08]} 48. Re3+ {[%clk 0:30:52]} Re4 {[%clk 0:34:06]}
49. Rd3 {[%clk 0:30:42]} f5 {[%clk 0:33:52]} 50. Rb3 {[%clk 0:29:51]} f4+
{[%clk 0:29:22]} 51. Kf2 {[%clk 0:29:28]} Re3 {[%clk 0:28:31]} 0-1

[Event "DVM U14w 2019"]
[Site "Neumünster GER"]
[Date "2019.12.28"]
[Round "3"]
[White "Zhou, Lepu Coco"]
[Black "Buchholz, Maja"]
[Result "1-0"]
[Termination "normal"]
[Board "1.2"]
[WhiteElo "1892"]
[BlackElo "1666"]
[WhiteClock "00:42:34"]
[BlackClock "00:13:37"]
[WhiteTeam "USV Halle"]
[BlackTeam "VSG 1880 Offenbach"]
[PlyCount "137"]
[WhiteFideId "16217136"]
[BlackFideId "16200500"]
[EventCountry "GER"]
[EventRounds "7"]
[EventType "team-swiss"]
[EventDate "2019.12.26"]

1. e4 {[%clk 1:30:57]} c5 {[%clk 1:30:49]} 2. Nf3 {[%clk 1:31:21]} d6 {[%clk
1:31:14]} 3. d4 {[%clk 1:31:38]} cxd4 {[%clk 1:31:40]} 4. Qxd4 {[%clk 1:32:02]}
a6 {[%clk 1:32:03]} 5. c4 {[%clk 1:32:08]} Nf6 {[%clk 1:32:25]} 6. Nc3 {[%clk
1:32:22]} e6 {[%clk 1:32:42]} 7. Be2 {[%clk 1:32:16]} Be7 {[%clk 1:32:57]} 8.
O-O {[%clk 1:31:58]} Nbd7 {[%clk 1:33:07]} 9. Be3 {[%clk 1:31:36]} O-O {[%clk
1:33:12]} 10. b4 {[%clk 1:28:38]} b6 {[%clk 1:33:22]} 11. Na4 {[%clk 1:27:51]}
Rb8 {[%clk 1:33:29]} 12. Nd2 {[%clk 1:26:38]} e5 {[%clk 1:30:52]} 13. Qd3
{[%clk 1:26:00]} h6 {[%clk 1:30:38]} 14. f3 {[%clk 1:26:03]} Bb7 {[%clk
1:30:30]} 15. Nb3 {[%clk 1:25:38]} Qc7 {[%clk 1:28:09]} 16. Rac1 {[%clk
1:24:28]} Rbc8 {[%clk 1:27:17]} 17. Rfd1 {[%clk 1:20:42]} Qb8 {[%clk 1:24:03]}
18. Bxb6 {[%clk 1:12:50]} Bxe4 {[%clk 1:21:49]} 19. fxe4 {[%clk 1:08:45]} Nxb6
{[%clk 1:21:35]} 20. Nb2 {[%clk 1:08:52]} Rfd8 {[%clk 1:17:07]} 21. Qe3 {[%clk
1:07:55]} Nbd7 {[%clk 1:16:07]} 22. a3 {[%clk 1:06:00]} Qb7 {[%clk 1:09:19]}
23. Na5 {[%clk 1:01:31]} Qxe4 {[%clk 1:04:58]} 24. Qxe4 {[%clk 1:01:52]} Nxe4
{[%clk 1:05:23]} 25. Nb7 {[%clk 1:02:11]} Rf8 {[%clk 1:01:40]} 26. c5 {[%clk
1:02:33]} Rc7 {[%clk 0:55:53]} 27. cxd6 {[%clk 1:02:27]} Rxb7 {[%clk 0:52:59]}
28. dxe7 {[%clk 1:02:49]} Re8 {[%clk 0:51:25]} 29. Bxa6 {[%clk 1:03:04]} Ra7
{[%clk 0:50:14]} 30. Rc8 {[%clk 1:03:25]} Ndf6 {[%clk 0:46:07]} 31. Rxe8+
{[%clk 1:00:27]} Nxe8 {[%clk 0:46:14]} 32. b5 {[%clk 1:00:21]} f6 {[%clk
0:43:46]} 33. Rd8 {[%clk 0:59:15]} Kf7 {[%clk 0:42:35]} 34. b6 {[%clk 0:58:05]}
Rxa6 {[%clk 0:41:10]} 35. b7 {[%clk 0:58:29]} Rb6 {[%clk 0:38:21]} 36. b8=Q
{[%clk 0:58:52]} Rxb8 {[%clk 0:38:40]} 37. Rxb8 {[%clk 0:59:16]} Kxe7 {[%clk
0:38:41]} 38. Nc4 {[%clk 0:59:37]} Nc5 {[%clk 0:37:54]} 39. Kf2 {[%clk
0:59:26]} Nc7 {[%clk 0:37:09]} 40. Rc8 {[%clk 0:58:34]} N5a6 {[%clk 0:35:16]}
41. Ke3 {[%clk 0:55:55]} Ke6 {[%clk 0:33:56]} 42. Rg8 {[%clk 0:55:28]} Kf7
{[%clk 0:34:08]} 43. Rd8 {[%clk 0:55:46]} h5 {[%clk 0:32:29]} 44. Rh8 {[%clk
0:53:59]} g6 {[%clk 0:32:23]} 45. Rh7+ {[%clk 0:50:45]} Ke6 {[%clk 0:31:40]}
46. Rg7 {[%clk 0:50:21]} Kf5 {[%clk 0:25:51]} 47. Nd6+ {[%clk 0:50:14]} Kg5
{[%clk 0:24:11]} 48. Ne4+ {[%clk 0:48:10]} Kh6 {[%clk 0:23:01]} 49. Rd7 {[%clk
0:48:14]} Ne8 {[%clk 0:19:33]} 50. Nd6 {[%clk 0:48:09]} Nc5 {[%clk 0:18:31]}
51. Nf7+ {[%clk 0:46:39]} Kg7 {[%clk 0:18:23]} 52. Ra7 {[%clk 0:46:41]} Kf8
{[%clk 0:17:51]} 53. Nh8 {[%clk 0:46:38]} g5 {[%clk 0:17:36]} 54. Ng6+ {[%clk
0:45:15]} Kg8 {[%clk 0:17:44]} 55. Ra5 {[%clk 0:43:58]} Nb3 {[%clk 0:16:27]}
56. Ra7 {[%clk 0:42:26]} Nc5 {[%clk 0:15:45]} 57. Ne7+ {[%clk 0:42:48]} Kf7
{[%clk 0:15:14]} 58. Nc8+ {[%clk 0:42:26]} Kg6 {[%clk 0:14:40]} 59. a4 {[%clk
0:42:17]} Nb3 {[%clk 0:13:57]} 60. a5 {[%clk 0:42:18]} Nd4 {[%clk 0:14:17]} 61.
Ne7+ {[%clk 0:41:59]} Kh6 {[%clk 0:14:31]} 62. a6 {[%clk 0:41:48]} Nb5 {[%clk
0:14:02]} 63. Rb7 {[%clk 0:42:09]} Nec7 {[%clk 0:14:09]} 64. a7 {[%clk
0:42:18]} Nxa7 {[%clk 0:14:03]} 65. Rxc7 {[%clk 0:42:03]} Nb5 {[%clk 0:14:19]}
66. Rd7 {[%clk 0:42:10]} Nd4 {[%clk 0:13:57]} 67. Ke4 {[%clk 0:42:25]} g4
{[%clk 0:13:52]} 68. Nf5+ {[%clk 0:42:15]} Kg5 {[%clk 0:13:37]} 69. Rg7# {[%clk
0:42:34]} 1-0

[Event "DVM U14w 2019"]
[Site "Neumünster GER"]
[Date "2019.12.28"]
[Round "3"]
[White "Dixon, Laura Michaela"]
[Black "Stowicek, Yara Mathilda"]
[Result "0-1"]
[Termination "normal"]
[Board "1.3"]
[WhiteElo "1310"]
[BlackElo "1682"]
[WhiteClock "00:44:10"]
[BlackClock "00:09:58"]
[WhiteTeam "VSG 1880 Offenbach"]
[BlackTeam "USV Halle"]
[PlyCount "136"]
[WhiteFideId "16248708"]
[BlackFideId "16203569"]
[EventCountry "GER"]
[EventRounds "7"]
[EventType "team-swiss"]
[EventDate "2019.12.26"]

1. e4 {[%clk 1:30:56]} e5 {[%clk 1:30:53]} 2. Nf3 {[%clk 1:31:18]} Nc6 {[%clk
1:31:13]} 3. Bc4 {[%clk 1:31:40]} Nf6 {[%clk 1:31:35]} 4. d3 {[%clk 1:32:01]}
Bc5 {[%clk 1:31:31]} 5. c3 {[%clk 1:31:55]} a6 {[%clk 1:30:53]} 6. Bb3 {[%clk
1:31:50]} d6 {[%clk 1:30:12]} 7. h3 {[%clk 1:30:35]} Ba7 {[%clk 1:28:41]} 8.
Nbd2 {[%clk 1:30:36]} O-O {[%clk 1:27:43]} 9. O-O {[%clk 1:30:39]} Ne7 {[%clk
1:19:00]} 10. Re1 {[%clk 1:28:59]} Ng6 {[%clk 1:17:40]} 11. Nf1 {[%clk
1:27:27]} Nh5 {[%clk 1:03:13]} 12. Bg5 {[%clk 1:09:00]} Qe8 {[%clk 0:57:26]}
13. Nxe5 {[%clk 0:54:40]} Qxe5 {[%clk 0:48:36]} 14. Qxh5 {[%clk 0:53:14]} Nf4
{[%clk 0:47:38]} 15. Qh4 {[%clk 0:47:04]} Nxd3 {[%clk 0:47:14]} 16. Re2 {[%clk
0:47:08]} Nc5 {[%clk 0:37:58]} 17. Bc2 {[%clk 0:47:04]} Ne6 {[%clk 0:34:06]}
18. Be3 {[%clk 0:44:00]} Bxe3 {[%clk 0:29:18]} 19. Rxe3 {[%clk 0:44:02]} Nf4
{[%clk 0:28:05]} 20. Nh2 {[%clk 0:41:03]} Ng6 {[%clk 0:24:10]} 21. Qg3 {[%clk
0:41:01]} Qb5 {[%clk 0:22:10]} 22. b4 {[%clk 0:38:04]} f5 {[%clk 0:19:06]} 23.
Bb3+ {[%clk 0:33:04]} Kh8 {[%clk 0:18:32]} 24. exf5 {[%clk 0:32:47]} Bxf5
{[%clk 0:17:10]} 25. Rd1 {[%clk 0:31:21]} Rae8 {[%clk 0:10:29]} 26. Rd5 {[%clk
0:30:20]} Qd7 {[%clk 0:10:26]} 27. Rd2 {[%clk 0:28:31]} Rxe3 {[%clk 0:08:42]}
28. Qxe3 {[%clk 0:28:56]} Re8 {[%clk 0:08:46]} 29. Qf3 {[%clk 0:28:36]} Be4
{[%clk 0:07:11]} 30. Qf7 {[%clk 0:27:07]} Qxf7 {[%clk 0:05:20]} 31. Bxf7 {[%clk
0:27:35]} Re7 {[%clk 0:05:11]} 32. Bxg6 {[%clk 0:25:39]} Bxg6 {[%clk 0:05:34]}
33. g3 {[%clk 0:25:25]} Kg8 {[%clk 0:05:10]} 34. Kg2 {[%clk 0:25:35]} Re1
{[%clk 0:04:48]} 35. c4 {[%clk 0:24:20]} Re4 {[%clk 0:04:02]} 36. c5 {[%clk
0:23:34]} Rxb4 {[%clk 0:03:54]} 37. cxd6 {[%clk 0:23:53]} cxd6 {[%clk 0:04:06]}
38. Rxd6 {[%clk 0:24:21]} Kf8 {[%clk 0:03:06]} 39. Rd2 {[%clk 0:23:57]} Ra4
{[%clk 0:02:53]} 40. Rd8+ {[%clk 0:23:23]} Be8 {[%clk 0:02:52]} 41. Rd2 {[%clk
0:21:46]} Bf7 {[%clk 0:02:39]} 42. Rc2 {[%clk 0:18:27]} Rxa2 {[%clk 0:01:56]}
43. Rc8+ {[%clk 0:18:47]} Be8 {[%clk 0:01:39]} 44. Nf3 {[%clk 0:18:35]} b5
{[%clk 0:01:14]} 45. Nd4 {[%clk 0:18:37]} g6 {[%clk 0:20:03]} 46. Kf3 {[%clk
0:47:02]} b4 {[%clk 0:16:46]} 47. Ke3 {[%clk 0:46:56]} a5 {[%clk 0:14:31]} 48.
f3 {[%clk 0:46:40]} a4 {[%clk 0:13:22]} 49. Rc2 {[%clk 0:43:58]} Rxc2 {[%clk
0:09:35]} 50. Nxc2 {[%clk 0:44:21]} b3 {[%clk 0:09:54]} 51. Na3 {[%clk
0:44:45]} Bd7 {[%clk 0:09:50]} 52. g4 {[%clk 0:44:48]} Ke7 {[%clk 0:09:25]} 53.
Kd3 {[%clk 0:43:32]} Bc6 {[%clk 0:08:51]} 54. f4 {[%clk 0:43:06]} Bg2 {[%clk
0:08:19]} 55. h4 {[%clk 0:42:06]} Bh3 {[%clk 0:07:48]} 56. g5 {[%clk 0:42:22]}
Ke6 {[%clk 0:07:18]} 57. Kc4 {[%clk 0:41:41]} Bf5 {[%clk 0:06:10]} 58. Kb4
{[%clk 0:42:02]} b2 {[%clk 0:06:15]} 59. Kxa4 {[%clk 0:42:22]} b1=Q {[%clk
0:06:40]} 60. Nxb1 {[%clk 0:42:45]} Bxb1 {[%clk 0:07:05]} 61. Kb3 {[%clk
0:42:57]} Kf5 {[%clk 0:07:30]} 62. Kc3 {[%clk 0:43:20]} Kxf4 {[%clk 0:07:53]}
63. Kd2 {[%clk 0:43:11]} Kg4 {[%clk 0:08:17]} 64. Ke3 {[%clk 0:43:16]} Kxh4
{[%clk 0:08:35]} 65. Kf4 {[%clk 0:43:37]} Bc2 {[%clk 0:08:54]} 66. Kf3 {[%clk
0:43:39]} Kxg5 {[%clk 0:09:16]} 67. Kg3 {[%clk 0:44:02]} Bb1 {[%clk 0:09:36]}
68. Kg2 {[%clk 0:44:10]} Kg4 {[%clk 0:09:58]} 0-1

[Event "DVM U14w 2019"]
[Site "Neumünster GER"]
[Date "2019.12.28"]
[Round "3"]
[White "Reuter, Elisa"]
[Black "Roncea, Andreea-Alexandra"]
[Result "1/2-1/2"]
[Termination "normal"]
[Board "2.1"]
[WhiteElo "1850"]
[BlackElo "1591"]
[WhiteClock "00:25:59"]
[BlackClock "00:23:13"]
[WhiteTeam "Schachgemeinschaft Leipzig"]
[BlackTeam "SC Papenburg"]
[PlyCount "140"]
[WhiteFideId "12995444"]
[BlackFideId "16233115"]
[EventCountry "GER"]
[EventRounds "7"]
[EventType "team-swiss"]
[EventDate "2019.12.26"]

1. e4 {[%clk 1:30:59]} e5 {[%clk 1:30:53]} 2. Nf3 {[%clk 1:31:26]} Nc6 {[%clk
1:31:16]} 3. Bc4 {[%clk 1:31:52]} Bc5 {[%clk 1:31:35]} 4. c3 {[%clk 1:32:19]}
Nf6 {[%clk 1:31:59]} 5. d3 {[%clk 1:32:45]} a6 {[%clk 1:32:13]} 6. Bb3 {[%clk
1:33:09]} Ba7 {[%clk 1:32:30]} 7. Nbd2 {[%clk 1:33:32]} O-O {[%clk 1:31:50]} 8.
O-O {[%clk 1:33:56]} d6 {[%clk 1:31:26]} 9. h3 {[%clk 1:34:05]} Ne7 {[%clk
1:31:16]} 10. Re1 {[%clk 1:34:11]} Ng6 {[%clk 1:31:18]} 11. Nf1 {[%clk
1:34:30]} h6 {[%clk 1:31:16]} 12. Ng3 {[%clk 1:34:52]} Re8 {[%clk 1:31:29]} 13.
d4 {[%clk 1:31:41]} b5 {[%clk 1:28:43]} 14. Bc2 {[%clk 1:27:04]} Bb7 {[%clk
1:28:33]} 15. a4 {[%clk 1:25:54]} c5 {[%clk 1:21:52]} 16. d5 {[%clk 1:23:03]}
Qc7 {[%clk 1:07:32]} 17. Nf5 {[%clk 1:18:30]} Bc8 {[%clk 1:02:07]} 18. N3h4
{[%clk 1:16:22]} Bxf5 {[%clk 0:54:45]} 19. Nxf5 {[%clk 1:16:41]} Ne7 {[%clk
0:54:28]} 20. Ng3 {[%clk 1:13:39]} Rec8 {[%clk 0:51:06]} 21. Qf3 {[%clk
1:12:03]} Nh7 {[%clk 0:48:15]} 22. h4 {[%clk 1:08:14]} b4 {[%clk 0:42:57]} 23.
c4 {[%clk 1:08:17]} Qd7 {[%clk 0:38:48]} 24. h5 {[%clk 1:07:44]} f6 {[%clk
0:35:49]} 25. b3 {[%clk 1:00:37]} Kf7 {[%clk 0:32:42]} 26. Bd1 {[%clk 1:00:21]}
Rg8 {[%clk 0:29:29]} 27. Qd3 {[%clk 0:58:41]} Ke8 {[%clk 0:26:40]} 28. Be2
{[%clk 0:57:47]} Nf8 {[%clk 0:21:03]} 29. Qd1 {[%clk 0:57:27]} Kd8 {[%clk
0:20:08]} 30. Bg4 {[%clk 0:57:34]} Qc7 {[%clk 0:19:11]} 31. Bf5 {[%clk
0:53:29]} Nxf5 {[%clk 0:15:41]} 32. Nxf5 {[%clk 0:53:10]} Bb8 {[%clk 0:14:45]}
33. Re3 {[%clk 0:52:30]} Rh8 {[%clk 0:12:31]} 34. Rg3 {[%clk 0:52:42]} Rh7
{[%clk 0:11:53]} 35. Qg4 {[%clk 0:51:00]} Ra7 {[%clk 0:11:50]} 36. Nh4 {[%clk
0:50:37]} Rh8 {[%clk 0:09:21]} 37. Ra2 {[%clk 0:49:24]} a5 {[%clk 0:08:36]} 38.
Rd2 {[%clk 0:47:56]} Rb7 {[%clk 0:07:30]} 39. Rdd3 {[%clk 0:48:13]} Ra7 {[%clk
0:06:49]} 40. Nf5 {[%clk 0:46:26]} Rh7 {[%clk 0:07:01]} 41. Qh4 {[%clk
0:46:25]} Qc8 {[%clk 0:05:50]} 42. Rg4 {[%clk 0:46:27]} Rd7 {[%clk 0:05:15]}
43. Rdg3 {[%clk 0:43:27]} Qb7 {[%clk 0:05:18]} 44. Qh3 {[%clk 0:43:07]} Qa7
{[%clk 0:00:42]} 45. Nh4 {[%clk 0:42:03]} Rh8 {[%clk 0:30:30]} 46. Ng6 {[%clk
1:10:20]} Nxg6 {[%clk 0:29:47]} 47. Rxg6 {[%clk 1:10:45]} Rf8 {[%clk 0:29:54]}
48. Qf5 {[%clk 1:10:05]} Rff7 {[%clk 0:28:32]} 49. R6g4 {[%clk 1:10:07]} Kc7
{[%clk 0:28:27]} 50. Kf1 {[%clk 1:02:47]} Kb6 {[%clk 0:28:23]} 51. Ke2 {[%clk
1:02:44]} Rde7 {[%clk 0:26:53]} 52. Qc8 {[%clk 1:00:55]} Qc7 {[%clk 0:25:56]}
53. Qxc7+ {[%clk 0:58:39]} Kxc7 {[%clk 0:26:08]} 54. Rf3 {[%clk 0:56:29]} Kd7
{[%clk 0:25:54]} 55. Rf5 {[%clk 0:56:41]} Bc7 {[%clk 0:26:00]} 56. Be3 {[%clk
0:56:58]} Kd8 {[%clk 0:25:46]} 57. Rg6 {[%clk 0:56:43]} Kd7 {[%clk 0:25:50]}
58. Kf3 {[%clk 0:56:23]} Bb8 {[%clk 0:25:54]} 59. Kg4 {[%clk 0:56:47]} Rf8
{[%clk 0:25:40]} 60. Rf3 {[%clk 0:57:08]} Rff7 {[%clk 0:25:18]} 61. Kf5 {[%clk
0:57:21]} Bc7 {[%clk 0:24:40]} 62. Rfg3 {[%clk 0:55:56]} Bb8 {[%clk 0:24:20]}
63. Rh3 {[%clk 0:30:37]} Bc7 {[%clk 0:22:48]} 64. Bc1 {[%clk 0:30:51]} Bb8
{[%clk 0:22:56]} 65. g4 {[%clk 0:28:19]} Rf8 {[%clk 0:22:05]} 66. Be3 {[%clk
0:27:18]} Bc7 {[%clk 0:22:11]} 67. f3 {[%clk 0:27:17]} Bb8 {[%clk 0:22:21]} 68.
Bd2 {[%clk 0:25:47]} Bc7 {[%clk 0:22:33]} 69. Be3 {[%clk 0:26:07]} Bb8 {[%clk
0:22:56]} 70. Bd2 {[%clk 0:25:59]} Bc7 {[%clk 0:23:13]} 1/2-1/2

[Event "DVM U14w 2019"]
[Site "Neumünster GER"]
[Date "2019.12.28"]
[Round "3"]
[White "Zöllner, Bente"]
[Black "Oswald, Hannah"]
[Result "0-1"]
[Termination "normal"]
[Board "2.2"]
[WhiteElo "1630"]
[BlackElo "1647"]
[WhiteClock "00:04:53"]
[BlackClock "00:34:34"]
[WhiteTeam "SC Papenburg"]
[BlackTeam "Schachgemeinschaft Leipzig"]
[PlyCount "84"]
[WhiteFideId "16230523"]
[BlackFideId "16214960"]
[EventCountry "GER"]
[EventRounds "7"]
[EventType "team-swiss"]
[EventDate "2019.12.26"]

1. Nf3 {[%clk 1:30:57]} Nf6 {[%clk 1:30:40]} 2. c4 {[%clk 1:30:47]} e6 {[%clk
1:30:12]} 3. d4 {[%clk 1:30:54]} d5 {[%clk 1:30:02]} 4. e3 {[%clk 1:29:18]}
dxc4 {[%clk 1:29:41]} 5. Bxc4 {[%clk 1:29:38]} a6 {[%clk 1:28:42]} 6. Bb3
{[%clk 1:29:17]} c5 {[%clk 1:26:15]} 7. O-O {[%clk 1:29:09]} Nc6 {[%clk
1:23:50]} 8. Re1 {[%clk 1:26:58]} Be7 9. Nc3 {[%clk 1:20:10]} b5 {[%clk
1:11:22]} 10. d5 {[%clk 1:17:55]} exd5 {[%clk 1:08:18]} 11. Nxd5 {[%clk
1:16:59]} c4 12. Nxe7 Qxe7 {[%clk 1:03:10]} 13. Bc2 {[%clk 1:10:29]} Bg4 14. h3
{[%clk 1:07:09]} Bh5 {[%clk 0:56:53]} 15. g4 {[%clk 0:59:16]} Bg6 {[%clk
0:45:30]} 16. Nd4 {[%clk 0:55:24]} Bxc2 {[%clk 0:42:02]} 17. Qxc2 {[%clk
0:51:28]} Nxd4 {[%clk 0:38:16]} 18. Qc3 {[%clk 0:50:41]} Nf3+ {[%clk 0:38:09]}
19. Kf1 {[%clk 0:50:51]} Nxe1 {[%clk 0:38:20]} 20. Kxe1 {[%clk 0:51:11]} O-O
{[%clk 0:37:40]} 21. b3 {[%clk 0:48:25]} Ne4 {[%clk 0:36:36]} 22. Qc2 {[%clk
0:46:30]} Qb4+ {[%clk 0:35:59]} 23. Ke2 {[%clk 0:34:24]} Qc3 {[%clk 0:34:56]}
24. Qxc3 {[%clk 0:34:13]} Nxc3+ {[%clk 0:35:18]} 25. Kf3 {[%clk 0:34:34]} Nd5
{[%clk 0:34:49]} 26. bxc4 {[%clk 0:34:21]} bxc4 {[%clk 0:34:49]} 27. Ba3 {[%clk
0:32:42]} Rfe8 {[%clk 0:34:33]} 28. Rc1 {[%clk 0:32:40]} Rac8 {[%clk 0:34:47]}
29. g5 {[%clk 0:28:52]} c3 {[%clk 0:34:09]} 30. h4 {[%clk 0:27:44]} c2 {[%clk
0:33:52]} 31. h5 {[%clk 0:27:02]} a5 {[%clk 0:33:06]} 32. g6 {[%clk 0:23:50]}
Nb4 {[%clk 0:32:59]} 33. Bxb4 {[%clk 0:04:24]} axb4 {[%clk 0:33:22]} 34. gxh7+
{[%clk 0:04:30]} Kxh7 {[%clk 0:33:44]} 35. Ke2 {[%clk 0:04:56]} Re5 {[%clk
0:33:19]} 36. h6 {[%clk 0:04:59]} Ra5 {[%clk 0:33:29]} 37. hxg7 {[%clk
0:04:36]} Kxg7 {[%clk 0:33:45]} 38. Rg1+ {[%clk 0:03:39]} Kf8 {[%clk 0:34:07]}
39. Kd2 {[%clk 0:03:53]} Rxa2 {[%clk 0:34:12]} 40. Rc1 {[%clk 0:04:12]} b3
{[%clk 0:34:20]} 41. f4 {[%clk 0:04:27]} b2 {[%clk 0:34:19]} 42. Rxc2 {[%clk
0:04:53]} b1=Q {[%clk 0:34:34]} 0-1

[Event "DVM U14w 2019"]
[Site "Neumünster GER"]
[Date "2019.12.28"]
[Round "3"]
[White "Nguyen, Jenny Ha-Linh"]
[Black "Evering, Enna"]
[Result "1-0"]
[Termination "normal"]
[Board "2.3"]
[WhiteElo "1387"]
[BlackElo "1556"]
[WhiteClock "00:32:40"]
[BlackClock "00:03:03"]
[WhiteTeam "Schachgemeinschaft Leipzig"]
[BlackTeam "SC Papenburg"]
[PlyCount "119"]
[WhiteFideId "16209729"]
[BlackFideId "16218213"]
[EventCountry "GER"]
[EventRounds "7"]
[EventType "team-swiss"]
[EventDate "2019.12.26"]

1. e4 {[%clk 1:30:58]} e5 {[%clk 1:30:44]} 2. Nf3 {[%clk 1:31:19]} Nc6 {[%clk
1:31:07]} 3. Bc4 {[%clk 1:31:41]} Nf6 {[%clk 1:31:21]} 4. d3 {[%clk 1:31:56]}
Be7 {[%clk 1:31:16]} 5. c3 {[%clk 1:31:50]} O-O {[%clk 1:31:11]} 6. O-O {[%clk
1:31:53]} d5 {[%clk 1:30:57]} 7. exd5 {[%clk 1:32:12]} Nxd5 {[%clk 1:30:56]} 8.
Re1 {[%clk 1:31:50]} Bg4 {[%clk 1:30:01]} 9. Bb3 {[%clk 1:30:42]} Re8 {[%clk
1:16:30]} 10. Bc2 {[%clk 1:20:33]} Bf8 {[%clk 1:08:18]} 11. Nbd2 {[%clk
1:17:58]} Nb6 {[%clk 1:03:33]} 12. Ne4 {[%clk 1:12:47]} f6 {[%clk 0:57:48]} 13.
Bb3+ {[%clk 1:05:08]} Be6 {[%clk 0:49:40]} 14. Bxe6+ {[%clk 0:58:55]} Rxe6
{[%clk 0:49:03]} 15. Qb3 {[%clk 0:58:03]} Qe7 {[%clk 0:35:36]} 16. Nc5 {[%clk
0:46:48]} Qxc5 {[%clk 0:19:08]} 17. Qxe6+ {[%clk 0:46:58]} Kh8 {[%clk 0:19:13]}
18. Qb3 {[%clk 0:40:30]} Qd6 {[%clk 0:14:39]} 19. Rd1 {[%clk 0:35:21]} Rd8
{[%clk 0:12:29]} 20. Be3 {[%clk 0:35:33]} Be7 {[%clk 0:10:00]} 21. Qc2 {[%clk
0:33:36]} Nd5 {[%clk 0:08:01]} 22. d4 {[%clk 0:32:00]} exd4 {[%clk 0:05:42]}
23. Bxd4 {[%clk 0:32:06]} Nxd4 {[%clk 0:04:44]} 24. Nxd4 {[%clk 0:32:29]} Qb6
{[%clk 0:03:07]} 25. Nf5 {[%clk 0:32:13]} c6 {[%clk 0:02:21]} 26. Nxe7 {[%clk
0:30:46]} Nxe7 {[%clk 0:02:45]} 27. Re1 {[%clk 0:30:08]} Nd5 {[%clk 0:02:35]}
28. Re2 {[%clk 0:29:29]} Nf4 {[%clk 0:01:59]} 29. Re4 {[%clk 0:29:12]} Nd3
{[%clk 0:01:34]} 30. Re2 {[%clk 0:23:31]} Nf4 {[%clk 0:01:28]} 31. Ree1 {[%clk
0:22:55]} g6 {[%clk 0:01:15]} 32. Rad1 {[%clk 0:22:36]} Rxd1 {[%clk 0:01:07]}
33. Qxd1 {[%clk 0:22:37]} Nd5 {[%clk 0:00:58]} 34. Qd2 {[%clk 0:20:53]} Kg7
{[%clk 0:01:12]} 35. h3 {[%clk 0:20:16]} Qc7 {[%clk 0:00:44]} 36. Qe2 {[%clk
0:18:37]} Qd6 {[%clk 0:00:35]} 37. c4 {[%clk 0:18:45]} Nb6 {[%clk 0:00:36]} 38.
b3 {[%clk 0:13:59]} c5 39. Qe8 {[%clk 0:12:33]} Kh6 {[%clk 0:00:36]} 40. Re7
{[%clk 0:11:04]} Qd1+ {[%clk 0:00:44]} 41. Kh2 {[%clk 0:11:23]} Qd6+ {[%clk
0:28:10]} 42. g3 {[%clk 0:41:35]} Qd2 {[%clk 0:24:58]} 43. Re2 {[%clk 0:35:23]}
Qd4 {[%clk 0:21:40]} 44. Qe3+ {[%clk 0:33:36]} Qxe3 {[%clk 0:21:47]} 45. Rxe3
{[%clk 0:34:02]} Nc8 {[%clk 0:18:35]} 46. Re8 {[%clk 0:32:44]} Nd6 {[%clk
0:17:15]} 47. Re7 {[%clk 0:32:07]} f5 {[%clk 0:14:15]} 48. f3 {[%clk 0:30:49]}
b6 {[%clk 0:10:25]} 49. Rd7 {[%clk 0:30:59]} Nc8 {[%clk 0:10:10]} 50. Rc7
{[%clk 0:31:14]} Nd6 {[%clk 0:10:30]} 51. Rxa7 {[%clk 0:31:32]} g5 {[%clk
0:07:18]} 52. Rc7 {[%clk 0:30:54]} Ne8 {[%clk 0:05:41]} 53. Rc6+ {[%clk
0:31:12]} Kg7 {[%clk 0:05:26]} 54. Rxb6 {[%clk 0:31:38]} h6 {[%clk 0:04:25]}
55. a4 {[%clk 0:31:26]} h5 {[%clk 0:02:18]} 56. a5 {[%clk 0:31:49]} Kf8 {[%clk
0:02:36]} 57. a6 {[%clk 0:31:44]} Nc7 {[%clk 0:02:33]} 58. a7 {[%clk 0:31:53]}
Ke8 {[%clk 0:02:37]} 59. Rb8+ {[%clk 0:32:17]} Kd7 {[%clk 0:03:03]} 60. a8=Q
{[%clk 0:32:40]} 1-0